000 01277nam0a22003011 4500
001 rc\1292565
005 20260406023048.0
035 _a(NLR Aleph) 005288539
090 _a6167242
_c6167242
100 _a20060306e18591859|||y0rusy50 ca
101 0 _arus
102 _aRU
105 _ay z |||||
200 1 _aПутевые заметки
_eОт Москвы до Бобруйска и по Мин. губернии
_f[Сергей Лашкарев]
210 _a[Санкт-Петербург
_d1859]
215 _a15 с.
_d22
300 _aАвт. указан в конце текста
309 _aБез тит. л. и обл.
311 _aПерепеч. из журн. "Экономист". Спб., 1859. Т. 2, кн. 4, отд. 3, с доп. послед. абзаца
488 0 _12001#$aЭкономист$v1859, т. 2, кн. 4, отд. 3
_1210##$aСанкт-Петербург
_tЭкономист
700 1 _8rus
_7ca
_aЛашкарев
_bС. С.
_f1816-1869
_gСергей Сергеевич
_3RU\NLR\AUTH\77124597
_9107522
801 0 _aRU
_bNLR
_c20060306
_gpsbo
801 0 _aRU
_bRuMoRGB
_c20060306
_2psbo
801 1 _aRU
_bProSoft-M
_c20060306
_2rusmarc
801 2 _aRU
_bNLR
_c20130731
_2rusmarc
852 _aNLR
_j18.218.5.520
942 _cBOOK
980 _aNB